All-Time UEFA Champions League Table by Nations - Statistics

General Stats
  • This quiz has been taken 529 times
  • The average score is 17 of 44
Answer Stats
Pos Pts Titles Nation % Correct
1 2299 19 Spain
100%
2 2089 14 England
97%
3 1778 8 Germany
95%
4 1677 12 Italy
94%
5 1054 1 France
91%
6 896 4 Portugal
85%
7 708 6 Netherlands
83%
8 433 1 Scotland
68%
9 417 0 Belgium
57%
16 234 1 Romania
52%
18 220 1 Serbia
51%
10 389 0 Ukraine
47%
11 367 0 Greece
43%
12 341 0 Russia
43%
13 329 0 Turkey
41%
17 234 0 Austria
37%
15 258 0 Switzerland
37%
19 210 0 Sweden
36%
14 266 0 Czech Republic
35%
20 208 0 Hungary
33%
21 203 0 Poland
33%
23 153 0 Denmark
32%
24 119 0 Norway
32%
22 160 0 Bulgaria
31%
25 82 0 Slovakia
28%
26 76 0 Croatia
27%
28 52 0 Finland
24%
27 71 0 Cyprus
23%
31 31 0 Belarus
21%
30 36 0 Ireland
19%
38 10 0 Slovenia
19%
36 16 0 Israel
18%
39 5 0 Bosnia & Herzegovina
17%
33 29 0 Albania
15%
42 2 0 Azerbaijan
15%
40 4 0 Kazakhstan
14%
41 3 0 Georgia
13%
35 24 0 Iceland
13%
43 1 0 Latvia
13%
29 43 0 Northern Ireland
12%
44 0 0 North Macedonia
12%
37 15 0 Armenia
11%
32 29 0 Luxembourg
11%
34 27 0 Malta
10%
No matching quizzes found
Score Distribution
Percent of People with Each Score
Percentile by Number Answered
Your Score History
You have not taken this quiz